000 00441nam a2200181Ia 4500
001 24421
005 20260414151042.0
008 260414t2014||||xx |||||||||||||| ||spa||
041 _aESP
082 _a345.7
_bH96 T. 1
100 _aHurtado Reyes, Martín
_eAUT
245 0 _aEstudios de derecho procesal civil
_b
260 _c2014
300 _a862 páginas :
_c24 cm.
650 _aDER
654 _aCDE
942 _cLIB
_dJUS
_fJUS
_2ddc
_n
999 _c24421
_d24421